Statistics for Airlines That Serve Kansas City (MCI)

Click here to take the quiz!

General Stats

  • This quiz has been taken 5 times
  • The average score is 8 of 12

Answer Stats

CountryAnswer% Correct
USAAlaska Airlines
100%
USAAmerican Airlines
100%
USADelta Air Lines
100%
USASouthwest Airlines
100%
USAUnited Airlines
100%
USAFrontier Airlines
67%
USASpirit Airlines
67%
CanadaAir Canada Express
33%
USAAllegiant Air
33%
USAAmerican Eagle
33%
USADelta Connection
33%
USAUnited Express
33%

Score Distribution

Percentile by Number Answered

Percent of People with Each Score

Your Score History

You have not taken this quiz